Normal view
MARC view
- NC GHULAM MAHYYUDIN PC MUHAMMAD WAQAS ANWAR PC SAUD SAFDAR
Entry Personal Name
001 - CONTROL NUMBER
- control field: 72035
003 - CONTROL NUMBER IDENTIFIER
- control field: NUST
005 - DATE AND TIME OF LATEST TRANSACTION
- control field: 20210628204730.0
008 - FIXED-LENGTH DATA ELEMENTS
- fixed length control field: 210628|| aca||aabn | a|a d
040 ## - CATALOGING SOURCE
- Original cataloging agency: NUST
- Transcribing agency: NUST
100 ## - HEADING--PERSONAL NAME
- Personal name: NC GHULAM MAHYYUDIN PC MUHAMMAD WAQAS ANWAR PC SAUD SAFDAR
670 ## - SOURCE DATA FOUND
- Source citation: Work cat.: (NUST): NC GHULAM MAHYYUDIN PC MUHAMMAD WAQAS ANWAR PC SAUD SAFDAR, PR-SOF-1698-DESIGN AND FABRICATION OF LOW DRAG COEFFICIENT URBAN CONCEPT VEHICLE USING COMPOSITE MATERIAL, 2018
